[Event "Open13 06/07"]
[Site "?"]
[Date "2007.02.17"]
[Round "6"]
[White "Estevez, Ange"]
[Black "Porte, Jacques"]
[Result "1/2-1/2"]
[WhiteElo "1780"]
[BlackElo "1505"]
[PlyCount "145"]
[EventDate "2007.??.??"]

1. e4 c5 2. g3 Nf6 3. Bg2 Nc6 4. d3 e6 5. Nf3 d6 6. O-O Be7 7. Re1 Qc7 8. c3
Bd7 9. a4 e5 10. Nbd2 O-O 11. Nf1 Be6 12. Bd2 h6 13. Rc1 Rfe8 14. b4 b6 15. b5
Na5 16. c4 Nb7 17. Ne3 Rad8 18. Nd5 Nxd5 19. cxd5 Bg4 20. Qc2 Qd7 21. h4 Bh3
22. Ra1 Rc8 23. Qc4 Bg4 24. Nh2 Bh5 25. Ra2 g5 26. hxg5 hxg5 27. Qc1 f6 28. f3
Nd8 29. g4 Bg6 30. Kf2 Qc7 31. Rc2 Nb7 32. Rc4 Kf7 33. Nf1 Rh8 34. Ng3 Rcg8 35.
Qa1 Bd8 36. Rcc1 Na5 37. Bxa5 bxa5 38. Qc3 Qb6 39. Qc4 Be7 40. Rh1 Kg7 41. Ke2
Bh7 42. Rh3 Bg6 43. Rch1 Rxh3 44. Rxh3 Rh8 45. Rxh8 Kxh8 46. Qc1 $11 {
Il fallait peut être tenter le plan Ng3-f1-d2, Qc3 et Nc4 avec pression sur le
Pd6 et le Pa5} c4 $2 $16 47. dxc4 (47. Qxc4 $5 Qg1 48. Nh1 $1 Qxg2+ 49. Nf2 Qg1
(49... Qh2 50. Qc8+ Kg7 51. Qc7 Kf8 52. Qxa7 Qg1 53. b6 Bd8 54. Qb8 Ke7 55.
Qb7+ Kf8 56. Qc8 $18) 50. Qc7 Bf8 51. Qxa7 Qb1 52. b6 Qb2+ 53. Kf1 Qc1+ 54. Kg2
Qc5 55. Qa6 Be8 56. b7 Qc7 57. Qa7 $18) 47... Qc5 48. Nf5 (48. Nh1 Bd8 49. Nf2
Bb6 50. Nd3 Qd4 $14) 48... Bxf5 $16 49. gxf5 Bd8 50. Bh3 Bb6 51. Bg4 Qf2+ 52.
Kd3 Kg7 53. Qh1 $4 $19 Qd4+ (53... Qe3+ 54. Kc2 Qe2+ 55. Kb3 Qd3+ 56. Kb2 Bd4+
57. Kc1 Be3+ 58. Kb2 Qd2+ 59. Kb3 Qb4+ 60. Kc2 Qxc4+ 61. Kb2 Bd4+ 62. Kb1 Qb3+
63. Kc1 Be3#) 54. Kc2 Qxc4+ 55. Kd2 Qb4+ 56. Ke2 Qb2+ 57. Kd3 Qd4+ (57... Qb3+)
58. Ke2 Qe3+ 59. Kd1 Qg1+ $4 (59... Qd3+ 60. Ke1 Qc3+ 61. Ke2 Qc2+ 62. Ke1 Be3
63. Qg1 Qd2+ 64. Kf1 Qd1+ 65. Kg2 Qxg1+ 66. Kh3 Qf1+ 67. Kh2 Bf4#) 60. Qxg1
Bxg1 61. Kc2 $14 Bd4 62. Kb3 Kf7 63. Kc4 Ke7 64. Bh5 Bb6 65. Bg6 Kd8 66. Bf7
Ke7 67. Bg6 Kd8 68. Bf7 Kc7 69. Be8 Bc5 70. Bc6 Kb6 71. Bd7 a6 72. Bc6 axb5+
73. Bxb5 $11 1/2-1/2

[Event "Open13 06/07"]
[Site "?"]
[Date "2007.03.24"]
[Round "7"]
[White "Milesi, Laurent"]
[Black "Busson, Benoist"]
[Result "1/2-1/2"]
[WhiteElo "2110"]
[BlackElo "2053"]
[PlyCount "70"]

1. e4 e6 2. d3 d5 3. Nd2 Nf6 4. Ngf3 Nc6 5. a3 Bc5 6. Be2 dxe4 7. dxe4 e5 8.
O-O Bg4 9. h3 Bh5 10. c3 Qe7 11. b4 Bb6 12. Qc2 a6 13. Nc4 Ba7 14. Nh4 Qe6 15.
Ne3 $6 Bxe3 16. Bxe3 $2 O-O $6 (16... Bxe2 17. Qxe2 Nxe4 $17) 17. Nf5 Kh8 18.
Rfe1 Ng8 19. a4 f6 20. Bf1 Bf7 21. Bc5 Rfd8 22. a5 Qb3 23. Qc1 Qe6 24. Ne3 Qe8
25. Qb2 Na7 26. Rad1 Nb5 27. c4 Nd6 28. Qc2 Be6 29. Nd5 Bxd5 30. exd5 Ne7 31.
Bd3 Qh5 32. Kh2 g5 33. Bxd6 cxd6 34. Bf5 Nxf5 35. Qxf5 Kg7 1/2-1/2

[Event "Open13 06/07"]
[Site "?"]
[Date "2007.03.24"]
[Round "7"]
[White "Lenfant, Francois"]
[Black "Cortes, Antoine"]
[Result "1-0"]
[WhiteElo "2106"]
[BlackElo "2158"]
[PlyCount "47"]

1. c4 c5 2. Nf3 Nf6 3. Nc3 e6 4. g3 d5 5. cxd5 exd5 6. d4 Nc6 7. Bg2 Be7 8. O-O
O-O 9. dxc5 Bxc5 10. Bg5 d4 11. Bxf6 Qxf6 12. Nd5 Qd8 13. Nd2 Re8 14. Rc1 Bb6
15. Nc4 Bg4 16. Re1 Ba5 17. Nxa5 Qxa5 18. b4 Nxb4 19. Qxd4 Nc2 $2 (19... Nxd5
20. Qxd5 Qxd5 21. Bxd5 Rad8 $11) 20. Qxg4 $18 Nxe1 21. Nf6+ Kh8 22. Nxe8 Rxe8
23. Qd7 Rd8 24. Rc8 $1 1-0

[Event "Open13 06/07"]
[Site "?"]
[Date "2007.03.24"]
[Round "7"]
[White "Mazeau, Geoffroy"]
[Black "Sintes, Marc"]
[Result "0-1"]
[WhiteElo "1837"]
[BlackElo "2096"]
[PlyCount "38"]

1. f4 e5 2. fxe5 d6 3. exd6 Bxd6 4. Nf3 Bg4 5. e4 Qe7 6. d3 Nc6 7. Be3 f5 8.
Nbd2 Nf6 9. Bg5 O-O-O 10. Be2 Bc5 11. b4 fxe4 12. Bxf6 gxf6 13. Nxe4 Bxb4+ 14.
Nfd2 Bxe2 15. Qxe2 f5 (15... Nd4 $1 16. Qd1 f5 $19) 16. Ng3 Qc5 17. Kd1 Nd4 18.
Qf2 Qxc2+ 19. Ke1 Rhe8+ 0-1

[Event "Open13 06/07"]
[Site "?"]
[Date "2007.03.24"]
[Round "7"]
[White "Lecoq-Bernard, Francois"]
[Black "Nari, Damien"]
[Result "1-0"]
[WhiteElo "2000"]
[BlackElo "1755"]
[PlyCount "44"]

1. c4 f5 2. Nc3 Nf6 3. g3 g6 4. Bg2 Bg7 5. e3 O-O 6. Nge2 e5 7. O-O d6 8. b4 c6
9. Rb1 Be6 10. d3 Nbd7 11. b5 Qc7 12. Ba3 Rfc8 13. Qa4 d5 14. bxc6 bxc6 15.
cxd5 Nb6 $4 (15... cxd5 16. Rfc1 Nb6 17. Qa6 Qf7 $11) 16. Qa6 $2 (16. Qxc6 Qxc6
17. dxc6 Nfd5 (17... Nbd5 18. Rb5 Rd8 19. Nxd5 Nxd5 20. Rb7 Rac8 21. Rc1 $18)
18. Nxd5 Nxd5 19. Rfc1 $18) 16... Nfxd5 $11 17. Rfc1 Qd7 18. Na4 $2 (18. Bc5
Nc7 19. Qa3 $11) 18... Nxa4 $2 (18... Nc7 $1 19. Qa5 Qxd3 20. Nac3 e4 $17) 19.
Rb7 Rc7 $11 20. Rxc7 Nxc7 21. Qxa4 Bd5 $6 (21... Qxd3 22. Bxc6 Rd8 23. Qxa7 Nd5
24. Qa5 Bf6 25. Bb5 Qe4 $11) 22. Bxd5+ cxd5 $4 $18 (22... Nxd5 23. Rxc6 Nb6 $16
) (22... cxd5 $4 23. Qxd7 $18) 1-0

[Event "Open13 06/07"]
[Site "?"]
[Date "2007.03.24"]
[Round "7"]
[White "Madranges, Julien"]
[Black "Anton, Jose"]
[Result "0-1"]
[WhiteElo "1929"]
[BlackElo "1977"]
[PlyCount "72"]

1. d4 d5 2. Nf3 e6 3. e3 Bd6 4. Bd3 f5 5. c4 c6 6. b3 Nf6 7. Ba3 $4 Bxa3 8.
Nxa3 Qa5+ {la partie aurait pu s'arrêter là} 9. Qd2 Qxa3 10. cxd5 exd5 11. O-O
O-O 12. Nh4 Ne4 13. Qc2 Na6 14. f3 Nb4 15. Qe2 Nxd3 16. Qxd3 g5 17. fxe4 fxe4
18. Rxf8+ Qxf8 19. Qe2 gxh4 20. Rf1 Qh6 21. Qe1 h3 22. Rf4 Qg5 23. g3 Be6 24.
Qb4 Qg7 25. Qd6 Re8 26. b4 Qd7 27. Qe5 Bf7 28. Qg5+ Bg6 29. Qh6 Qe6 30. a3 a5
31. Rh4 axb4 32. axb4 Rf8 33. Rf4 Rxf4 34. Qxf4 Qf7 35. Qb8+ Kg7 36. Qe5+ Kh6
0-1

[Event "Open13 06/07"]
[Site "?"]
[Date "2007.03.24"]
[Round "7"]
[White "Nakache, Jonathan"]
[Black "Pieri, Thierry"]
[Result "0-1"]
[WhiteElo "2140"]
[BlackElo "1927"]
[PlyCount "84"]

1. e4 d6 2. d4 Nf6 3. Nc3 g6 4. f4 Bg7 5. Nf3 O-O 6. Bd3 Na6 7. O-O c5 8. d5
Rb8 9. Qe2 Nc7 10. h3 b5 11. Nxb5 Nxb5 12. Bxb5 Nxe4 13. Qxe4 Rxb5 14. c4 Rb4
15. a3 Rb6 16. Ra2 Rb3 17. Re1 Re8 18. Qc2 Rb7 19. b4 cxb4 20. axb4 Bf5 21. Qf2
Rxb4 22. Rxa7 Rxc4 23. Qe3 Qc8 24. Ba3 Re4 25. Qf2 Rxf4 26. Rexe7 Rxe7 27. Rxe7
Bd4 28. Qxd4 Rxd4 29. Nxd4 Qc3 30. Nxf5 gxf5 31. Bxd6 Qd4+ 32. Kh2 f6 33. Re8+
Kg7 34. Rd8 f4 35. Rd7+ Kg6 36. Bf8 f3 37. gxf3 Qf2+ 38. Kh1 Qxf3+ 39. Kh2 Qe2+
40. Kg3 Kf5 41. d6 Qe8 42. Rxh7 Qg6+ 0-1

[Event "Open13 06/07"]
[Site "?"]
[Date "2007.03.24"]
[Round "7"]
[White "Thomet, Yannick"]
[Black "Thiers, Jean-Jacques"]
[Result "1-0"]
[WhiteElo "2040"]
[BlackElo "1680"]
[PlyCount "63"]

1. d4 d5 2. e3 Bf5 3. Bd3 Bxd3 4. Qxd3 Nf6 5. Nd2 e6 6. f4 Nbd7 7. Ngf3 Be7 8.
O-O O-O 9. c3 c5 10. Ng5 h6 11. Ngf3 Rb8 12. Kh1 b5 13. h3 Nh7 14. g4 c4 15.
Qe2 f5 16. Rg1 Kh8 17. b3 g6 18. Bb2 Rg8 19. Rg2 Nhf6 20. Rag1 fxg4 21. Ne5 Rg7
22. Nc6 Qe8 23. Nxb8 Nxb8 24. hxg4 Nh7 25. Rh2 Bd6 26. Rxh6 g5 27. f5 exf5 28.
Rxd6 f4 29. Re1 Re7 30. Nf1 Rxe3 31. Nxe3 Qe4+ 32. Ng2 1-0

[Event "Open13 06/07"]
[Site "?"]
[Date "2007.03.24"]
[Round "7"]
[White "Estevez, Eric"]
[Black "Battaglia, Gerard"]
[Result "0-1"]
[WhiteElo "1940"]
[BlackElo "1890"]
[PlyCount "98"]

1. e4 e6 2. d4 d5 3. Nf3 $6 dxe4 4. Ng5 $2 Nf6 $17 5. Nc3 Bb4 6. Bd2 Bxc3 7.
bxc3 h6 8. Nh3 c5 9. dxc5 $19 Qa5 10. c4 Qxc5 11. Rb1 Nc6 12. Bc3 e5 13. Rb5
Qe7 14. f3 Bxh3 15. gxh3 Rd8 16. Qe2 Nd4 17. Bxd4 exd4 18. fxe4 a6 19. Rf5 Qb4+
20. Kf2 O-O $2 (20... Qe7 $19) 21. Rxf6 $1 $15 gxf6 22. Qg4+ Kh8 23. Qf4 Kh7
24. Bd3 (24. Qf5+ Kh8 25. Qf4 Kh7 26. Qf5+ Kh8 27. Qf4 $11) 24... Rg8 $15 25.
e5+ Rg6 26. Bxg6+ $2 $17 (26. Re1 f5 27. Bxf5 Qe7 $14) 26... fxg6 27. exf6 Qxc4
28. Kg3 $2 Qc3+ (28... Rd5 29. h4 Rf5 $19) 29. Qf3 Qxf3+ 30. Kxf3 $17 Rf8 31.
Ke4 Rxf6 32. Kxd4 g5 33. Rb1 $2 (33. c4 b6 34. Ke5 Rf2 35. a4 $15) 33... b5 34.
a4 (34. Rb3 Rf2 35. Ra3 Rxc2 36. Rxa6 Rxh2 37. Ra3 b4 $19) 34... Rf4+ $19 35.
Ke5 Rxa4 36. Rd1 Kg6 37. Rd6+ Kh5 38. Kf6 Rc4 39. Kg7 Rc7+ 40. Kf6 a5 41. Rb6
b4 42. Ra6 Rxc2 43. Kg7 Rc7+ 44. Kf6 Rb7 45. Rxa5 b3 46. Ra1 Kh4 47. Rb1 Rb6+
48. Kf5 Kxh3 49. Rb2 g4 0-1

[Event "Open13 06/07"]
[Site "?"]
[Date "2007.03.24"]
[Round "7"]
[White "Girard, Jean-Pierre"]
[Black "Regaud, Denis"]
[Result "1-0"]
[WhiteElo "1973"]
[BlackElo "1670"]
[PlyCount "53"]

1. e4 c5 2. Nf3 d6 3. d4 cxd4 4. Nxd4 Nf6 5. Nc3 a6 6. Bg5 e6 7. f4 b5 8. e5
dxe5 9. fxe5 Qc7 10. Qe2 Nfd7 11. O-O-O Nc6 12. Nxc6 Qxc6 13. Qg4 Bb7 14. Be2
Qc7 15. Rhf1 Nxe5 16. Qg3 Bd6 $4 (16... Be7 17. Bxe7 Kxe7 18. Qxg7 Rhg8 19.
Qf6+ Kf8 20. g3 b4 $14) 17. Rxd6 (17. Bxb5+ $3 Kf8 (17... axb5 18. Nxb5 Qb8 19.
Nxd6+ Kf8 20. Qxe5 $18) 18. Rxd6 Qxd6 19. Bf4 Rd8 20. Rd1 Qb6 21. Rxd8+ Qxd8
22. Bxe5 f6 23. Bc7 Qd4 24. Qd3 $18) 17... Qxd6 18. Bf4 $18 f6 19. Qxg7 O-O-O
20. Qxf6 Rhf8 21. Qxe5 Qxe5 22. Bxe5 Bxg2 23. Re1 Kb7 24. Bd3 h5 25. Rg1 Bf3
26. Rg7+ Kb6 27. Bc7+ 1-0

[Event "Open13 06/07"]
[Site "?"]
[Date "2007.03.24"]
[Round "7"]
[White "Wallet, Patrick"]
[Black "Jouet, Philippe"]
[Result "1/2-1/2"]
[WhiteElo "1830"]
[BlackElo "1920"]
[PlyCount "88"]

1. e4 e6 2. d4 d5 3. Nc3 dxe4 4. Nxe4 Nd7 5. Nf3 Ngf6 6. Bd3 Be7 7. O-O O-O 8.
c3 Nxe4 9. Bxe4 Nf6 10. Bc2 b6 11. Bg5 Bb7 12. Bxf6 Bxf6 13. Qd3 g6 14. Qe3 Rc8
15. Rad1 Qe7 16. Be4 Bxe4 17. Qxe4 c5 18. d5 exd5 19. Qxe7 Bxe7 20. Rxd5 Rfd8
21. Rfd1 Rxd5 22. Rxd5 Rc7 23. c4 Bf6 24. b3 Re7 25. Kf1 Kf8 26. g3 Ke8 27. a4
Rd7 28. Rxd7 Kxd7 29. Nd2 Ke6 30. Ke2 Kf5 31. Kf3 Be7 32. h3 Ke5 33. Ke3 Ke6
34. g4 f5 35. Nf3 fxg4 36. hxg4 h6 37. Ke4 h5 38. g5 Bd8 39. Ne5 Bxg5 40. f4
Bf6 41. Nxg6 Kf7 42. f5 h4 $4 (42... Bb2 43. Nf4 h4 44. Kf3 Be5 45. Ng6 Bg3 46.
Kg4 Kf6 47. Nf8 Be1 $11) 43. Nf4 $2 (43. Kf4 Bd8 44. Kg4 Bf6 45. Nxh4 Be5 46.
Ng6 Bd6 47. Kg5 Bc7 48. f6 Bd8 49. Ne5+ Ke6 50. Ng4 Bc7 (50... Kf7 51. Kf5 Bc7
52. Ne5+ Ke8 53. Ke6 $18) 51. Kg6 Bd6 52. Kg7 Kf5 53. Ne3+ Ke4 54. Nd5 Be5 55.
Kf8 $18) 43... Bg5 44. Nh3 $11 Kf6 1/2-1/2

[Event "Open13 06/07"]
[Site "?"]
[Date "2007.03.24"]
[Round "7"]
[White "Torelli, Roger"]
[Black "Scamaroni, Jean-Paul"]
[Result "0-1"]
[WhiteElo "1780"]
[BlackElo "1820"]
[PlyCount "90"]

1. e4 c5 2. d4 cxd4 3. c3 d5 4. Qxd4 e6 5. exd5 exd5 6. c4 Bb4+ 7. Bd2 Bxd2+ 8.
Nxd2 Nf6 9. Qe5+ Be6 10. cxd5 Qxd5 11. Qxd5 Bxd5 12. Bb5+ Nc6 13. Ngf3 O-O 14.
O-O a6 15. Ba4 Rfe8 16. Bxc6 Bxc6 17. Rfe1 Rad8 18. Rxe8+ Rxe8 19. Re1 Rd8 20.
a3 h6 21. h3 Rd3 22. Re3 Rd6 23. Nc4 Rd1+ 24. Re1 $4 Bxf3 25. Rxd1 Bxd1 26. Kf1
Bb3 27. Ne3 g6 28. Ke1 Nd5 29. Nxd5 Bxd5 30. g3 Bb3 31. Kd2 a5 32. Kd3 Kf8 33.
Kd4 Ke7 34. Kc5 Kd7 35. Kb6 a4 36. Kc5 Ke6 37. Kd4 b6 38. h4 h5 39. Ke4 f6 40.
Kd4 Kf5 41. Ke3 Kg4 42. Ke2 g5 43. hxg5 fxg5 44. Ke3 h4 45. gxh4 gxh4 0-1

[Event "Open13 06/07"]
[Site "?"]
[Date "2007.03.24"]
[Round "7"]
[White "Simone, Herve"]
[Black "Estevez, Ange"]
[Result "1-0"]
[WhiteElo "1720"]
[BlackElo "1780"]
[PlyCount "59"]

1. e4 d5 2. e5 c5 3. c3 Nc6 4. d4 e6 5. Nf3 cxd4 6. cxd4 Bb4+ 7. Nc3 Nge7 8.
Be2 O-O 9. O-O Nf5 10. Bg5 Be7 11. Bxe7 Qxe7 12. Bd3 Nb4 13. Bxf5 exf5 14. a3
Nc6 15. Nxd5 Qd8 16. Nf4 Re8 17. Rc1 Bd7 18. Re1 Rc8 19. d5 Nb8 20. e6 fxe6 21.
dxe6 Bc6 22. Qb3 Qe7 23. h4 Bxf3 24. Qxf3 Rxc1 25. Rxc1 Nc6 26. g3 Nd4 27. Qd5
Nc6 28. Qxf5 Rf8 29. Qe4 Kh8 30. Rd1 1-0

[Event "Open13 06/07"]
[Site "?"]
[Date "2007.03.24"]
[Round "7"]
[White "Porte, Jacques"]
[Black "Pierrugues, Laurent"]
[Result "1/2-1/2"]
[WhiteElo "1505"]
[BlackElo "1910"]
[PlyCount "56"]

1. e4 e6 2. d3 d5 3. Nd2 Nf6 4. e5 Nfd7 5. d4 c5 6. c3 Nc6 7. Ndf3 Be7 8. Ne2
Qc7 9. g3 b6 10. Bg2 Bb7 11. O-O h6 12. Re1 O-O-O 13. a3 c4 14. b3 Na5 15. b4
Nb3 16. Ra2 Nxc1 17. Nxc1 a6 18. a4 g5 19. Nd2 Rdg8 20. Nf1 g4 21. f3 gxf3 22.
Qxf3 Rg7 23. Ne2 h5 24. h4 Nf8 25. Nf4 Rgh7 26. Bh3 Kb8 27. Ne3 Qd8 28. Neg2
Qc7 1/2-1/2

[Event "Open13 06/07"]
[Site "?"]
[Date "2007.04.07"]
[Round "8"]
[White "Lenfant, Francois"]
[Black "Milesi, Laurent"]
[Result "0-1"]
[WhiteElo "2106"]
[BlackElo "2110"]
[PlyCount "88"]
[EventDate "2007.??.??"]

1. d4 b6 2. c4 Bb7 3. Nf3 e6 4. a3 f5 5. d5 Nf6 6. dxe6 dxe6 7. Qxd8+ Kxd8 8.
Nc3 Bd6 9. g3 (9. Nb5 $5 {pour gagner la paire de B} Be7 $6 10. Bf4 $16) 9...
Nbd7 10. Bg2 Nc5 11. O-O Nb3 12. Rb1 Ke7 13. Bg5 Rad8 14. Nb5 h6 15. Bxf6+ (15.
Be3 Ng4 16. Bd4 a6 (16... Bxf3 17. exf3 Ne5 18. Bxe5 Bxe5 19. f4 Bf6 20. Nxa7
Nd4 (20... Nd2 21. Nc6+ Kf7 22. Nxd8+ Rxd8 23. Rbd1 Bxb2 24. a4 Rd6 25. Rfe1
$14) 21. Rfd1 $14) 17. Nxd6 Bxf3 18. exf3 Nxd4 19. Nb7 Ne5 20. Nxd8 Rxd8 21.
Rfd1 Nxc4 $11) 15... Kxf6 $15 16. Rfd1 $2 (16. Rbd1 $15) 16... Be4 $17 17. Nxa7
Bxb1 18. Rxb1 Bc5 19. Nc6 Rd6 20. Nfe5 Bd4 21. Nxd4 Rxd4 22. f4 Rhd8 23. Kf2
Rd1 24. Rxd1 Rxd1 25. Nd3 c5 26. Bc6 Nd4 27. Bf3 Nb3 28. Bc6 Nc1 29. Ne5 Rd2
30. Nd7+ Ke7 31. Nxb6 Rxb2 32. Bb5 Rxe2+ 33. Kg1 Nb3 34. a4 g5 35. Nc8+ Kd8 36.
Nd6 g4 37. Nf7+ Ke7 38. Ne5 Ra2 39. Kh1 h5 40. Kg1 Nd4 41. Kh1 Kd6 42. Kg1 h4
43. gxh4 Ne2+ 44. Kh1 Nxf4 0-1

[Event "Open13 06/07"]
[Site "?"]
[Date "2007.04.07"]
[Round "8"]
[White "Busson, Benoist"]
[Black "Lecoq-Bernard, Francois"]
[Result "1/2-1/2"]
[WhiteElo "2053"]
[BlackElo "2000"]
[PlyCount "101"]

1. f4 e5 2. e4 d5 3. exd5 c6 4. Nc3 exf4 5. Nf3 Bd6 6. Bc4 Ne7 7. dxc6 Nbxc6 8.
Ne4 Bf5 9. Nxd6+ Qxd6 10. d3 O-O 11. O-O Bg4 12. Qd2 Ng6 13. Qf2 Bxf3 14. Qxf3
Nd4 15. Qf2 Rae8 16. Kh1 f3 17. gxf3 Re2 18. Qg3 Qxg3 19. hxg3 Rxc2 20. Bb3
Nxb3 21. axb3 Rfc8 22. Be3 Rxb2 23. Rfc1 Rxc1+ 24. Rxc1 h6 (24... Rxb3 25. Rc8+
Nf8 26. Bc5 Rb1+ 27. Kg2 h6 28. Rxf8+ $18) 25. Rc8+ Kh7 26. f4 Rxb3 27. Bxa7
Rxd3 28. Kh2 Rd7 29. Bc5 Ne7 30. Rb8 Nc6 31. Rc8 Kg6 32. g4 f5 33. gxf5+ Kxf5
34. Rf8+ Kg6 35. f5+ Kg5 36. Be3+ Kg4 37. f6 gxf6 38. Rxf6 Rh7 39. Rxh6 Rxh6+
40. Bxh6 Kf3 41. Kg1 Ke2 42. Kg2 b5 43. Bf8 Nd4 44. Bb4 Kd3 45. Kf2 Nc2 46. Bf8
Kc4 47. Ke2 Nd4+ 48. Kd1 Nb3 49. Kc2 Nc5 50. Bxc5 Kxc5 51. Kc3 1/2-1/2

[Event "Open13 06/07"]
[Site "?"]
[Date "2007.04.07"]
[Round "8"]
[White "Cortes, Antoine"]
[Black "Thomet, Yannick"]
[Result "1-0"]
[WhiteElo "2158"]
[BlackElo "2040"]
[PlyCount "69"]

1. e4 e6 2. d4 d5 3. Nc3 Nf6 4. e5 Nfd7 5. Nce2 c5 6. c3 Nc6 7. f4 Be7 8. Nf3
h6 9. h4 g6 10. g3 f5 11. exf6 Nxf6 12. Bg2 Bd7 13. Ne5 Nxe5 14. fxe5 Nh7 15.
Nf4 Nf8 16. h5 g5 17. Ng6 Rg8 $6 (17... Nxg6 18. hxg6 Bf8 19. Qf3 Qe7 $14) 18.
O-O $2 (18. Nxe7 Qxe7 19. O-O $16) 18... cxd4 $4 (18... Nxg6 19. hxg6 cxd4 20.
cxd4 Qb6 $15) 19. Qf3 $1 $18 Bb5 20. Qf7+ Kd7 21. Qxg8 Bxf1 22. Nxf8+ Bxf8 23.
Qf7+ Be7 24. Qxf1 Qb6 25. Kh2 Rf8 26. Qe1 dxc3 27. Be3 Qb4 28. bxc3 Qg4 29. Qd1
Qf5 30. Qd4 g4 31. c4 Qxh5+ 32. Kg1 b6 33. cxd5 exd5 34. Qxd5+ Ke8 35. Qb5+ 1-0

[Event "Open13 06/07"]
[Site "?"]
[Date "2007.04.07"]
[Round "8"]
[White "Robe, Pierre"]
[Black "Madranges, Julien"]
[Result "0-1"]
[WhiteElo "1830"]
[BlackElo "1929"]
[PlyCount "90"]

1. b3 d5 2. Bb2 e6 3. e3 Bd6 $4 (3... Nf6 $11) 4. Bxg7 $18 f6 5. Bxh8 Qe7 6.
Qh5+ Qf7 7. Qxf7+ Kxf7 8. f4 Nc6 9. a3 Bd7 10. Nf3 Nge7 11. Bxf6 Kxf6 12. g4 h6
13. h4 Kg7 14. Nc3 Rf8 15. Nb5 Bc5 16. b4 Bb6 17. Nc3 d4 18. Nd1 e5 19. b5 exf4
20. bxc6 Bxc6 21. e4 Bxe4 22. Bg2 Bxc2 23. Nb2 d3 24. Nc4 Bc5 25. Nfe5 $6 (25.
Nce5 Re8 26. Kf1 $18) 25... Bd4 26. Rc1 b5 27. Nd7 $2 (27. Nf3 $1 Nc6 28. Na5
$1 Bb2 29. Nxc6 Bxc1 30. Nxa7 Ba4 31. Kf1 c5 $14) 27... bxc4 $4 (27... Re8 28.
Nce5 Ng6 29. Kf1 Nxe5 30. Nxe5 Rxe5 $19) 28. Nxf8 $11 Kxf8 29. Be4 (29. Rf1 Bb2
30. Rxf4+ Kg7 31. Rd1 Be5 32. Re4 (32. Rf3 Ng6 33. Rh3 Bb2 $15) 32... Ng6 33.
Rc1 $15) 29... Bb2 30. Rxc2 dxc2 31. Bxc2 Bxa3 $11 32. Ke2 $6 (32. Be4 $11) (
32. Rh3 Bb2 33. Rf3 Be5 34. Ra3 Bd4 35. Ra4 Nd5 36. Rxc4 c5 37. Ra4 Nb4 38. Be4
a6 $16) (32. g5 $11) 32... Nc6 $15 33. Rf1 Nd4+ 34. Kd1 Bd6 35. Be4 Nb5 36. Kc2
Be5 37. d3 Na3+ 38. Kc1 c3 (38... c5 $1 39. dxc4 Nxc4 $17) 39. Bc6 $6 $17 (39.
d4 Bd6 40. Rf3 Nb5 41. Rd3 $11) 39... Ke7 40. Ba4 Kd6 41. Bc2 Bd4 42. g5 hxg5
43. hxg5 Ke6 44. Rh1 (44. Kd1 Be3 45. g6 Kf6 46. d4 c6 $1 $19) 44... f3 45. Bd1
$4 (45. Rh3 $1 f2 46. Rf3 Nxc2 47. Kxc2 a5 48. g6 $11) 45... Be3# 0-1

[Event "Open13 06/07"]
[Site "?"]
[Date "2007.04.07"]
[Round "8"]
[White "Colandrea, Sauveur"]
[Black "Nari, Damien"]
[Result "1-0"]
[WhiteElo "1904"]
[BlackElo "1755"]
[PlyCount "81"]

1. d4 f5 2. g3 g6 3. Bg2 Nf6 4. c4 Bg7 5. Nc3 O-O 6. Nf3 d6 7. O-O Qe8 8. d5 c6
9. Nd4 Bd7 10. Qb3 Qc8 11. Rd1 Na6 12. Qc2 Qe8 13. e4 fxe4 14. Nxe4 Nxe4 15.
Qxe4 Qf7 16. Qe2 c5 17. Ne6 Rfb8 18. Bh3 Bf6 19. Re1 b5 20. Ng5 Qe8 21. Be6+
Bxe6 22. Qxe6+ Kg7 23. Qh3 Qh8 24. Ne6+ Kf7 25. Bh6 Qc8 26. Bg5 h5 27. Bxf6
exf6 28. g4 Qh8 29. Qg3 Rb6 30. cxb5 Nb4 31. Rad1 Rc8 32. a4 a5 33. Rd2 Re8 34.
Qf4 Nxd5 $2 35. Ng5+ $2 (35. Qc4 $1 $18) 35... Kg7 36. Rxe8 Nxf4 37. Rxh8 Kxh8
38. Nf7+ Kg7 39. Rxd6 Rxd6 (39... Rb7 $5 40. Nd8 Re7 41. Rd1 Re4 42. Nc6 $1 Re2
43. gxh5 Rxb2 44. Nxa5 (44. hxg6 c4 $1 45. Nxa5 c3 46. Nc4 Ra2 47. Ne3 Rxa4 48.
Kf1 Rb4 49. Nf5+ Kxg6 50. Nd4 $11) 44... gxh5 45. Kf1 Nh3 46. Ke1 Nxf2 47. Rd7+
Kf8 48. Nc4 Rc2 49. b6 Rxc4 50. Kxf2 Rxa4 51. b7 Rb4 52. Rd8+ $18) 40. Nxd6 $18
Nd5 41. Nc4 1-0

[Event "Open13 06/07"]
[Site "?"]
[Date "2007.04.07"]
[Round "8"]
[White "Pieri, Thierry"]
[Black "Girard, Jean-Pierre"]
[Result "1-0"]
[WhiteElo "1927"]
[BlackElo "1973"]
[PlyCount "140"]

1. d4 Nf6 2. Bg5 Ne4 3. Bf4 g6 4. f3 Nf6 5. e4 Bg7 6. Bc4 c5 7. c3 cxd4 8. cxd4
d6 9. Nc3 Nc6 10. Nge2 O-O 11. Qd2 e5 12. dxe5 dxe5 13. Qxd8 Rxd8 14. Bg5 Be6
15. Bxe6 fxe6 16. O-O Nd4 17. Rfd1 Rd7 18. Kf2 Rad8 19. Rd2 Kf7 20. Rad1 h6 21.
Be3 Ne8 22. Nb5 Nd6 23. Nxd6+ Rxd6 24. f4 Nb5 25. Rxd6 Nxd6 26. Kf3 b6 27. Nc3
Ke8 28. fxe5 Bxe5 29. Bxh6 Rd7 30. h3 Rf7+ 31. Ke2 Bxc3 32. Rxd6 Ke7 33. Rc6
Bxb2 34. Rc7+ Kf6 35. Bg5+ Kg7 36. Rc6 Bd4 37. Kd3 Rd7 38. Kc4 Kf7 39. Kb5 Be5
40. Rc4 Rd3 41. Ra4 Rd7 42. g4 Ke8 43. Rc4 Kf7 44. h4 Rd3 45. Ra4 Rd7 46. h5
Rc7 47. h6 Rc5+ 48. Ka6 Rc7 49. Be3 Rc3 50. Bd4 Bxd4 51. Rxd4 Rg3 52. Rd7+ Kg8
53. Rxa7 Rxg4 54. Kxb6 Rxe4 55. a4 Rb4+ 56. Kc5 Rb1 57. Rg7+ Kh8 58. Rxg6 e5
59. a5 Kh7 60. Re6 Ra1 61. a6 e4 62. Kb6 Rb1+ 63. Kc7 Ra1 64. Kb7 Rb1+ 65. Ka8
Ra1 66. a7 Rb1 67. Rxe4 Kxh6 68. Re7 Rg1 69. Kb7 Rb1+ 70. Kc8 Rg1 1-0

[Event "Open13 06/07"]
[Site "?"]
[Date "2007.04.07"]
[Round "8"]
[White "Thiers, Jean-Jacques"]
[Black "Nakache, Jonathan"]
[Result "1-0"]
[WhiteElo "1680"]
[BlackElo "2140"]
[PlyCount "43"]

1. e4 c5 2. Nf3 Nc6 3. d4 cxd4 4. Nxd4 Nf6 5. Nc3 e5 6. Nb3 Bb4 7. Bd3 d5 8.
exd5 Nxd5 9. Bd2 Bxc3 10. bxc3 O-O 11. O-O f5 12. Re1 Kh8 13. Bb5 Qf6 14. Bg5
Qf7 15. Bxc6 bxc6 16. Rxe5 Nxc3 17. Qd6 Ne4 18. Qe7 Bd7 19. Be3 Nc3 20. Nc5
Rad8 21. Re1 Kg8 22. Bg5 1-0

[Event "Open13 06/07"]
[Site "?"]
[Date "2007.04.07"]
[Round "8"]
[White "Jouet, Philippe"]
[Black "Madranges, Jean"]
[Result "1-0"]
[WhiteElo "1920"]
[BlackElo "1910"]
[PlyCount "35"]

1. d4 e6 2. Nf3 f5 3. Bf4 Nf6 4. Nbd2 b6 5. e3 Bb7 6. Bd3 Be7 7. Qe2 Ne4 8. Ne5
O-O 9. Nxe4 fxe4 10. Bc4 c5 11. dxc5 bxc5 12. Rd1 d5 13. c3 Qb6 14. Bb3 Ba6 15.
Qg4 Bf6 16. Rxd5 exd5 17. Bxd5+ Kh8 18. Ng6+ 1-0

[Event "Open13 06/07"]
[Site "?"]
[Date "2007.04.07"]
[Round "8"]
[White "Scamaroni, Jean-Paul"]
[Black "Simone, Herve"]
[Result "1/2-1/2"]
[WhiteElo "1820"]
[BlackElo "1720"]
[PlyCount "61"]

1. d4 e6 2. c4 d5 3. Nc3 Nf6 4. Bg5 Be7 5. e3 Nbd7 6. Nf3 O-O 7. Qc2 b6 8. cxd5
Nxd5 9. Bxe7 Nxe7 10. Rc1 Bb7 11. Be2 c5 12. O-O Nd5 13. a3 cxd4 14. Nxd4 Rc8
15. Qd1 Qg5 16. Bf3 N7f6 17. Ne4 Nxe4 18. Bxe4 Nxe3 19. Qf3 Bxe4 20. Qxe4 Nxf1
21. Rxc8 Rxc8 22. Kxf1 Qd2 23. g3 h5 24. Kg2 Rc4 25. Qa8+ Kh7 26. Nf3 Qxb2 27.
Qxa7 f6 28. Qf7 Rc5 29. Qxe6 Qxa3 30. Qe4+ Kg8 31. Qe8+ (31. Qe8+ Kh7 32. Qe4+
Kh6 33. Nh4 Rg5 34. f4 (34. Nf5+ Rxf5 35. Qxf5 Qa8+ $17) 34... Qa2+ 35. Kh3 Rg4
36. Nf5+ Kh7 37. Nh4+ f5 38. Qxf5+ Kh6 39. Qe5 Rxh4+ 40. gxh4 Qa5 $15) 1/2-1/2